00480cam a22001931 4500001000800000005001700008008004100025010001700066035001800083040002700101041000800128042001200136080001200148082001600160100000700176101000800183245006500191504003000256781798720180117040024.0730529s1932 nyub b 000 0 eng  a 32026691  a(OCoLC)631602 aDLCcOKentUdNcRSdDLC aeng apremarc a330.973 a330.973 KIR1 a52 aEKO12aA history of American economic life,cby Edward C. Kirkland. aBibliography: p. 713-755.